000 00631nam a2200241 i 4500
001 C2-0117648
003 PPAK
005 20180727110701.0
008 970727s1980 si a|||| ||||| | eng d
020 _a997143167X
040 _aPPAK
_beng
_cPPAK
_erda
082 0 4 _a895.1
_223
090 0 0 _a895.1
_bPAC
_dG
100 0 _aPa Chin,
_eauthor
245 1 4 _aThe family
264 1 _aSingapore :
_bFederal ,
_c1980
300 _aviii, 111 pages :
_billustrations ;
_c19 cm
336 _2rdacontent
_atext
337 _2rdamedia
_aunmediated
338 _2rdacarrier
_avolume
650 1 0 _aFamily life from China
942 _ddc
_cB
999 _c31621
_d31621